UK - all answers begin with E - Statistics

General Stats
  • This quiz has been taken 27 times
  • The average score is 12 of 20
Answer Stats
Hint Answer % Correct
Scottish capital Edinburgh
100%
County whose county town is Chelmsford Essex
96%
Largest constituent country of the United Kingdom England
88%
Liverpool-based football team Everton
88%
Town in Berkshire with large public school Eton
85%
Cathedral city in Cambridgeshire Ely
81%
London railway station serving the North-West Euston
77%
Visitor attraction in Cornwall with several domes Eden Project
69%
High speed rail service operating through the Channel Tunnel Eurostar
69%
County town of Devon Exeter
69%
Low-lying eastern region of England East Anglia
58%
S coast town close to Beachy Head Eastbourne
54%
Airport serving Leicester, Nottingham and Derby East Midlands
54%
Moorland area in Somerset Exmoor
50%
Author of “The Waste Land” and “Murder in the Cathedral” Eliot
38%
Island, site of the city of Stanley East Falkland
31%
Industrial port town in Cheshire on the Manchester Ship Canal Ellesmere Port
27%
Sparsely-populated island of the Inner Hebrides, often associated with Rum and Muck Eigg
23%
Underground railway station close to Charing Cross Embankment
23%
Battle of the English civil war fought in Warwickshire in 1642 Edgehill
19%
No matching quizzes found
Score Distribution
Percent of People with Each Score
Percentile by Number Answered
Your Score History
You have not taken this quiz